| 000 | 00741nam a2200205 a 4500 | ||
|---|---|---|---|
| 999 |
_c2846 _d2846 |
||
| 001 | 2846 | ||
| 003 | BD-JhCC | ||
| 005 | 20171107190918.0 | ||
| 008 | 171107b1965 bg ||||| |||| 00| 0 ben d | ||
| 035 | _a(BD-JhCC) | ||
| 040 |
_aBD-JhCC _dBD-JhCC |
||
| 041 | _aben | ||
| 082 |
_a491.445 _bSHA 1965 |
||
| 100 | _aশহীদুল্লাহ, মুহম্মদ | ||
| 245 |
_aসহজ বাঙালা ব্যাবকরণ ও রচনা / _cডক্টর মুহম্মদ শহীদুল্লাহ |
||
| 260 |
_aঢাকা : _bপ্রভিন্সিয়াল লাইব্রেরী; _c১৯৬৫ |
||
| 300 |
_a১৬৯ পৃ.; _c১৬ সেমি |
||
| 650 | _aBengali grammar | ||
| 942 |
_2ddc _cBK |
||